Statistics for Top ten youtube channels with most subs

Click here to take the quiz!

General Stats

  • This quiz has been taken 37 times
  • The average score is 3 of 10

Answer Stats

HintAnswer% Correct
2Mrbeast
95%
6PewDiePie
55%
1T-series
50%
10WWE
32%
3Cocomelon
27%
7Like Nastya
14%
4SET India
14%
8Vlad and Niki
14%
5Kids Diana Show
9%
9Zee Music Company
9%

Score Distribution

Percentile by Number Answered

Percent of People with Each Score

Your Score History

You have not taken this quiz